Paris Metro Stations - Sudden Death - Statistics

General Stats
  • This quiz has been taken 1,530 times
    664 since last reset
  • The average score is 14 of 22
Answers on the Grid
Answers color-coded by a green-red scale on the quiz's grid according to % correct below.
Gare du Nord
Opéra
Saint-Michel
Alhambra
George V
Masséna
Bastille
Franklin D. Roosevelt
La Défense
Musée Carnavalet
Butte-aux-Cailles
Robespierre
Stalingrad
Galerie Vivienne
Bir-Hakeim
Jardin Atlantique
Châtelet
Invalides
Théâtre du Marais
Argentine
Liège
Pont Rouelle
Odéon
Palais Garnier
Trocadéro
Pigalle
Le Meurice
Saint-Laurent
Concorde
Galeries Lafayette
Pont au Double
Belleville
Rue Molière
Saint-Paul
Rue de Valois
Bataclan
Île aux Cygnes
Madeleine
Gare de Lyon
 
Answer Stats
Answer % Correct
Gare du Nord
81%
Opéra
79%
Bastille
75%
Châtelet
73%
La Défense
72%
Gare de Lyon
71%
Concorde
70%
Stalingrad
70%
Franklin D. Roosevelt
69%
Invalides
69%
Odéon
69%
Trocadéro
69%
George V
67%
Pigalle
66%
Bir-Hakeim
65%
Saint-Michel
65%
Madeleine
64%
Argentine
55%
Belleville
54%
Saint-Paul
52%
Liège
42%
Robespierre
33%
No matching quizzes found
Score Distribution
Percent of People with Each Score
Percentile by Number Answered
Your Score History
You have not taken this quiz since the last reset